Pregnancy in the obese woman : (Record no. 48610)

MARC details
000 -LEADER
fixed length control field 00837cam a2200229 a 4500
001 - CONTROL NUMBER
control field vtls003234104
003 - CONTROL NUMBER IDENTIFIER
control field MY-SjTCS
005 - DATE AND TIME OF LATEST TRANSACTION
control field 20200306164239.0
008 - FIXED-LENGTH DATA ELEMENTS--GENERAL INFORMATION
fixed length control field 120906s2011 enkaf b 001 0 eng
020 ## - INTERNATIONAL STANDARD BOOK NUMBER
International Standard Book Number 9781405196482 (hbk.)
020 ## - INTERNATIONAL STANDARD BOOK NUMBER
International Standard Book Number 1405196483 (hbk.)
039 #9 - LEVEL OF BIBLIOGRAPHIC CONTROL AND CODING DETAIL [OBSOLETE]
Level of rules in bibliographic description 201209061353
Level of effort used to assign nonsubject heading access points wilmina
Level of effort used to assign subject headings 201209061349
Level of effort used to assign classification wilmina
-- 201207121143
-- malathy
082 00 - DEWEY DECIMAL CLASSIFICATION NUMBER
Classification number 618.242
Item number PRE 2011
245 00 - TITLE STATEMENT
Title Pregnancy in the obese woman :
Remainder of title clinical management /
Statement of responsibility, etc. edited by Deborah L. Conway.
260 ## - PUBLICATION, DISTRIBUTION, ETC.
Place of publication, distribution, etc. Chichester, West Sussex, UK :
Name of publisher, distributor, etc. Wiley-Blackwell,
Date of publication, distribution, etc. c2011.
300 ## - PHYSICAL DESCRIPTION
Extent ix, 243 p., [2] p. of plates :
Other physical details ill. (some col.) ;
Dimensions 26 cm.
504 ## - BIBLIOGRAPHY, ETC. NOTE
Bibliography, etc. note Includes bibliographical references and index.
650 #0 - SUBJECT ADDED ENTRY--TOPICAL TERM
Topical term or geographic name entry element Obesity.
9 (RLIN) 248366
650 #0 - SUBJECT ADDED ENTRY--TOPICAL TERM
Topical term or geographic name entry element Pregnancy
General subdivision Complications.
9 (RLIN) 27201
700 1# - ADDED ENTRY--PERSONAL NAME
Personal name Conway, Deborah L.
9 (RLIN) 248367
920 ## - Programme
Programme PHA : 186096
Holdings
Withdrawn status Lost status Source of classification or shelving scheme Damaged status Not for loan Collection code Home library Current library Date acquired Cost, normal purchase price Total Checkouts Barcode Date last seen Copy number Cost, replacement price Koha item type Public note
Withdrawn   Dewey Decimal Classification     Please fill up online form at https://taylorslibrary.taylors.edu.my/services/external_storage1 Taylor's Library-TU TU External Storage-LCS 25/07/2012 419.80   5000134512 05/12/2019 1 419.80 Main Collection SOPxx,31001,03,GR